00353 a2200145 450000100060000002000180000604000240002410000180004824000380006624500330010430000070013736200090014444000230015365000310017669879 a9788537707296 cAnchieta - Itaigara aLeite, Marcia10aQuem mandou não acreditar?lpor10aQuem mandou não acreditar? a620 a2008 1aEscala Educacional 4aLiteratura infanto-juvenil